Finish the Lyrics - High Hopes - Statistics

General Stats
  • This quiz has been taken 94 times
  • The average score is 41 of 62
Answer Stats
Hint Answer % Correct
Had to have ____, ____ hopes for a living high
100%
Always had ____, ____ hopes high
100%
Had to have ____, high____hopes for a living high
100%
Always had ____, ____ hopes high
100%
Had to have ____, ____ hopes for a living high
100%
Always had ____, ____ hopes high
100%
Had to have ____, ____ hopes for a living high
100%
Always had ____, ____ hopes (____, ____ hopes) high
100%
Had to have ____, ____ hopes for a living high
100%
Always had ____, ____ hopes high
100%
Had to have ____, ____ hopes for a living high
100%
Always had ____, ____ hopes high
100%
Had to have ____, ____ hopes for a living high
100%
Always had ____, ____ hopes high
100%
Had to have ____, ____ hopes for a living high
100%
Always had ____, ____ hopes (____, ____ hopes) high
100%
Shooting for the _____ when I couldn't make a killing stars
99%
Shooting for the _____ when I couldn't make a killing stars
99%
Shooting for the _____ when I couldn't make a killing stars
99%
Shooting for the _____ when I couldn't make a killing stars
99%
I was gonna be that one in a _______ million
84%
I was gonna be that one in a _______ million
84%
I was gonna be that one in a _______ million
84%
I was gonna be that one in a _______ million
84%
____ said mama
79%
____ said mama
79%
____ said don't give up, it's a little complicated mama
79%
____ said mama
79%
____ said don't give up, it's a little complicated mama
79%
Didn't know how but I always had a _______ feeling
75%
Didn't know how but I always had a _______ feeling
75%
Didn't know how but I always had a _______ feeling
75%
Didn't know how but I always had a _______ feeling
75%
Didn't have a ____ but I always had a vision dime
66%
Didn't have a ____ but I always had a vision dime
66%
Didn't have a ____ but I always had a vision dime
66%
Didn't have a ____ but I always had a vision dime
66%
We wanted __________, wanted __________ everything
57%
We wanted __________, wanted __________ everything
57%
We wanted __________, wanted __________ everything
57%
Light up your wildest ______ dreams
53%
Manifest _______ destiny
49%
Go make a ______ legacy
49%
All tied up, no more love and I'd hate to see you _______ waiting
49%
All tied up, no more love and I'd hate to see you _______ waiting
49%
Rewrite your _______ history
46%
They say it's all been done but they haven't seen the best of __ me
42%
So I got one more run and it's gonna be a sight to __ see
41%
Back in the ____ days
39%
Stay up on that ____ rise
29%
Stay up on that ____ and never come down, oh rise
29%
Stay up on that ____ rise
29%
Stay up on that ____ and never come down rise
29%
Be something _______ greater
28%
Don't ever ______ change
22%
Burn your ___________ biographies
21%
______ victories, everyday museum
20%
Stranger _________ crusaders
12%
The weird and the _________ novelties
12%
It's uphill for ________ oddities
12%
Ain't ever ________ wannabes
11%
Fulfill the ________ phrophecy
3%
No matching quizzes found
Score Distribution
Percent of People with Each Score
Percentile by Number Answered
Your Score History
You have not taken this quiz